Monetary policy in low-inflation economies

Salvato in:
Dettagli Bibliografici
Altri autori: Altig, David E., Nosal, Ed
Natura: Libro
Lingua:inglese
Pubblicazione: New York Cambridge University Press 2009
Soggetti:
Tags: Aggiungi Tag
Nessun Tag, puoi essere il primo ad aggiungerne!!

MARC

LEADER 00000nam$a2200000$$$4500
001 0109595
005 20240315115550.7
020 |a 978-0-521-84850-3 
041 0 |a eng 
044 |a US 
245 1 0 |a Monetary policy in low-inflation economies  |c edited by David E. Altig, Ed Nosal 
264 1 |a New York  |b Cambridge University Press  |c 2009 
300 |a 330 s. 
610 2 0 |a politika peňažná 
610 2 0 |a politika menová 
610 2 0 |a inflácia 
610 2 0 |a hospodárstvo otvorené 
610 2 0 |a modely 
610 2 0 |a dynamika ekonomiky 
610 2 0 |a krajiny tranzitívne 
610 2 0 |a trh finančný 
610 2 0 |a modelovanie ekonometrické 
700 1 |a Altig, David E. 
700 1 |a Nosal, Ed